Aký budeš - verejný zamestnanec?

Úvodný článok do seriálu článkov o problémoch miestnej správy v súvislosti s obsadzovaním funkcií. Popis možných riešení odpolitizovania, sprofesionalizovania a stabilizovania zamestnaneckých vzťahov - vytvorením systému služobných pomerov s rovnakými kritériami pre úradníkov štátnej správy ale aj s...

Ausführliche Beschreibung

Gespeichert in:
Bibliographische Detailangaben
1. Verfasser: Thurzová, Marta
Format: Buchkapitel
Sprache:Slowakisch
Schlagworte:
Tags: Tag hinzufügen
Keine Tags, Fügen Sie das erste Tag hinzu!

MARC

LEADER 00000naa a2200000 4500
001 r015977
005 20221213123627.9
041 0 |a slo 
044 |a SK 
245 1 0 |a Aký budeš - verejný zamestnanec?  |c Marta Thurzová 
520 |a Úvodný článok do seriálu článkov o problémoch miestnej správy v súvislosti s obsadzovaním funkcií. Popis možných riešení odpolitizovania, sprofesionalizovania a stabilizovania zamestnaneckých vzťahov - vytvorením systému služobných pomerov s rovnakými kritériami pre úradníkov štátnej správy ale aj samosprávy. 
610 2 0 |a správa štátna 
610 2 0 |a správa miestna 
610 2 0 |a orgány štátne 
610 2 0 |a zamestnanci 
100 1 |a Thurzová, Marta